Geography Quiz

Random Geography or State Quiz
Score 0/15 Timer 03:00
5 Plays Today
% Correct
Indiana
95.4%
Idaho
94.5%
Iowa
94.1%
New Jersey
94%
Florida
91.3%
New York
84.3%
Missouri
84%
California
83.1%
% Correct
Texas
61.8%
Pennsylvania
48.8%
Tennessee
45.1%
Michigan
41.8%
Georgia
32.9%
Alabama
32.7%
Kentucky
22.8%

You're not logged in!

Compare scores with friends on all Sporcle quizzes.
OR
Log In

Sporcle TV

Today on Sporcle TV


Watch our educational content, quiz creation guides, and fun videos on Sporcle TV.

Show Comments

Extras

Top Quizzes Today


Score Distribution

Paid Content

Your Account Isn't Verified!

In order to create a playlist on Sporcle, you need to verify the email address you used during registration. Go to your Sporcle Settings to finish the process.

Report this User

Report this user for behavior that violates our Community Guidelines.

Details: